Historia de la técnica

Saved in:
Bibliografiske detaljer
Hovedforfatter: Danilevsky, V (Author)
Format: Bog
Sprog:spansk
Udgivet: Buenos Aires Lautaro 1947
Udgivelse:2a. ed
Fag:
Tags: Tilføj Tag
Ingen Tags, Vær først til at tagge denne postø!

MARC

LEADER 00000nam a2200000 a 4500
001 UCP7529
003 CL-VaPUC
008 991217e19470000AG |||||||||||||||||spa|d
082 0 4 |a 609  |b DAN  |2 21 
100 0 |a Danilevsky, V  |e author  |9 436949 
245 1 0 |a Historia de la técnica 
250 |a 2a. ed 
300 |a 367 p 
942 |c BK 
945 |d 19991217 00:00:00  |a rherrera 
260 |a Buenos Aires  |b Lautaro  |c 1947 
650 0 |a Tecnología  |9 256742 
650 0 |a Historia de la tecnología  |9 266115 
650 0 |a Revolución industrial  |9 309422 
650 7 |a AVANCES TECNOLOGICOS  |2 CL-VaPUC  |9 351763 
650 7 |a MAQUINAS TEXTILES  |2 CL-VaPUC  |9 347357 
650 0 |a Máquinas de vapor  |9 406138 
650 7 |a CONSTRUCCION DE MAQUINAS  |2 CL-VaPUC  |9 428063 
583 |a last modification  |c 20160817 11:18:15  |k Rodrigo Vera 
999 |c 284652  |d 284650 
952 |0 0  |1 0  |4 0  |6 609_000000000000000_DAN_1947  |7 0  |8 X  |9 328815  |a BIBHIS  |b BIBHIS  |d 2019-11-20  |i 1378678  |o 609 DAN 1947  |p 1378678  |r 2024-01-30  |w 2019-11-20  |y BK_X  |k HIS